Mekanisme penetapan kadar nafkah anak : analisis terhadap penghakiman kes-kes Mahkamah Syariah Negeri Selangor /
محفوظ في:
| المؤلف الرئيسي: | |
|---|---|
| التنسيق: | أطروحة كتاب |
| اللغة: | Malay |
| الموضوعات: | |
| الوسوم: |
إضافة وسم
لا توجد وسوم, كن أول من يضع وسما على هذه التسجيلة!
|
| LEADER | 01508cam a2200361 a 4500 | ||
|---|---|---|---|
| 001 | u826344 | ||
| 003 | SIRSI | ||
| 005 | 201104061123 | ||
| 008 | 110406s2010 my a t 000 0 may m | ||
| 040 | |a UMA |d UMM |e rda | ||
| 043 | |a a-my--- | ||
| 090 | |a BP42 |b A1 UM 2010 Sitad | ||
| 094 | |a BP42 |b A1 UM 2010 Sitad | ||
| 100 | 0 | |a Siti Aishah Din |e author. | |
| 245 | 1 | 0 | |a Mekanisme penetapan kadar nafkah anak : |b analisis terhadap penghakiman kes-kes Mahkamah Syariah Negeri Selangor / |c Siti Aishah Din. |
| 264 | 1 | |c 2010. | |
| 264 | 4 | |c 2010. | |
| 300 | |a xvii, 241 leaves : |b illustrations ; |c 30 cm. | ||
| 336 | |a text |2 rdacontent | ||
| 337 | |a unmediated |2 rdamedia | ||
| 338 | |a volume |2 rdacarrier | ||
| 500 | |a AIUM. | ||
| 502 | |a Dissertation (M. Syariah) -- Jabatan Syariah dan Undang-Undang, Akademi Pengajian Islam, Universiti Malaya, 2010. | ||
| 504 | |a Bibliography: leaves 181-187. | ||
| 650 | 0 | |a Support (Domestic relations law, Islamic). | |
| 650 | 0 | |a Courts, Islamic |z Malaysia. | |
| 650 | 0 | |a Courts |z Malaysia. | |
| 710 | 2 | 0 | |a Universiti Malaya. |b Jabatan Syariah dan Undang-Undang. |
| 900 | |a HH | ||
| 596 | |a 1 12 18 | ||
| 999 | |a BP42 A1 UM 2010 SITAD |w LC |c 1 |i A512994219 |l T-MERAH |m P18ISLPURI |r Y |s Y |t TESIS |u 6/4/2011 | ||
| 999 | |a BP42 A1 UM 2010 SITAD |w LC |c 1 |i A514709941 |d 27/5/2018 |e 27/5/2018 |f 16/6/2011 |g 1 |l STACKS |m P01UTAMA |n 36 |r Y |s Y |t TESIS |u 16/6/2011 | ||
| 999 | |a BP42 A1 UM 2010 SITAD |w LC |c 1 |i A514554799 |d 15/2/2017 |e 15/2/2017 |f 13/9/2011 |g 1 |l RESERVES |m P12ISLAMKL |n 21 |r Y |s Y |t TESIS |u 13/9/2011 | ||
